000 00496nam a2200133 4500
999 _c14312
_d14312
008 190911b ||||| |||| 00| 0 eng d
082 _aDPer 050 T48 Apr-June 2016 v. 187 n. 12-24
100 _939507
_aZacharek, Stephanie.
245 _aA little fish goes a long way in Pixar's bubble-light finding dory/
_cStephanie Zacharek.
260 _aHong Kong:
_bTime Asia,
_cc2016.
300 _av187 n24, pages 39-40:
_billustrations;
_c27 cm.
650 _aMotion picture plays.
_939164
942 _2ddc
_cPER